Statistics for Geography Questions #11: Countries With the Same Name as Their Capital

Click here to take the quiz!

General Stats

  • This quiz has been taken 161 times
  • The average score is 4 of 6

Answer Stats

Answer% Correct
Monaco
71%
Vatican City
70%
Luxembourg
69%
San Marino
65%
Singapore
51%
Djibouti
46%

Score Distribution

Percentile by Number Answered

Percent of People with Each Score

Your Score History

You have not taken this quiz